01953cam a2200349 a 4500999001500000001000500015003000900020005001700029008004100046020001500087040002800102082002100130100002500151245010600176250001300282260006200295300004700357504005300404650002100457700002000478700002200498942001200520952011900532952011900651952011900770952011900889952011901008952011901127952011901246952011901365952011901484 c5771d57716207BD-DhUAP20210105100526.0201221r20022000ii a b 001 0 eng  a8120317076 aDLCcDLCdBD-DhUAPbeng00a658.1511 HOR223 aHorngren, Charles T.00aCost accounting :ba managerial emphasis /cCharles T. Horngren, George Foster and Srikant M. Datar. a10th ed. aDelhi :bPrentice Hall of India,cc2000 [Reprinted 2002]. axxii, 906 pages :billustrations ;c29 cm. aIncludes bibliographical references and indexes. 0aCost accounting.1 aFoster, George.1 aDatar, Srikant M. 2ddccBK 00102ddc4070aUAPCLbUAPCLcGeneral Stacksd2020-12-21o658.1511 HORp3010006207r2020-12-21t1w2020-12-21yBK 00102ddc4070aUAPCLbUAPCLcGeneral Stacksd2020-12-21o658.1511 HORp3010003490r2020-12-21t2w2020-12-21yBK 00102ddc4070aUAPCLbUAPCLcGeneral Stacksd2020-12-21o658.1511 HORp3010003492r2020-12-21t3w2020-12-21yBK 00102ddc4070aUAPCLbUAPCLcGeneral Stacksd2020-12-21o658.1511 HORp3010006206r2020-12-21t4w2020-12-21yBK 00102ddc4070aUAPCLbUAPCLcGeneral Stacksd2020-12-21o658.1511 HORp3010003491r2020-12-21t5w2020-12-21yBK 00102ddc4070aDBASLbDBASLcGeneral Stacksd2021-01-05o658.1511 HORp3010006209r2021-01-05t6w2021-01-05yBK 00102ddc4070aDBASLbDBASLcGeneral Stacksd2021-01-05o658.1511 HORp3010006208r2021-01-05t7w2021-01-05yBK 00102ddc4070aDBASLbDBASLcGeneral Stacksd2021-01-05o658.1511 HORp3010006210r2021-01-05t8w2021-01-05yBK 00102ddc4070aDBASLbDBASLcReserve Stacksd2021-01-12o658.1511 HORp3010003488r2021-01-12t9w2021-01-12yBK